000
00328 a2200157 4500
001
69018
020
_a
040
_c
Anchieta - Itaigara
100
_a
Brasileiro, Jonar
240
1
0
_a
Poesia da paz
_l
por
245
1
0
_a
Poesia da paz
300
_a
24
362
0
_a
2003
650
4
_a
Literatura infanto-juvenil
942
_c
BK
999
_c
69018
_d
69018